000 00454nam a2200145Ia 4500
008 151015s9999 xx 000 0 und d
020 _a443053553
050 _aR 733.F 86 1996
245 _aMicozzi, Mark S.
250 _a_Fundamentals of complementary and alternative medicine Marc S.Micozzi
300 _aNew York Churchill Livingstone 1996
500 _aIncludes index.
650 _a_Alternative medicine
700 _a^d20130430 04:19:42^oanne
999 _c4050
_d4050